Caracoles : (Registro nro. 14415)

Detalles MARC
000 -LIDER
fixed length control field 00942nam a2200265 a 4500
001 - NÚMERO DE CONTROL
Identificador de número de control 000021148
003 - IDENTIFICACDOR DE NÚMERO DE CONTROL
control field DO-SdBNP
005 - DATE AND TIME OF LATEST TRANSACTION
control field 20240416104012.0
008 - ELEMENTOS DE LONGITUD FIJA
fixed length control field 100901s1993 dr c 000 1 spa d
040 ## - FUENTE DE CATALOGACIÓN
Agencia que crea de manera original el registro DO-SdBNP
Idioma de catalogación spa
Agencia que realiza la transcripción BPMSU
082 ## - NÚMERO DE CLASIFICACIÓN DECIMAL DE DEWEY
Classification number 972.9372
Item number H552c, 1993
Edition number 22
100 1# - ASIENTO PRINCIPAL -- NOMBRE PERSONAL
Nombre personal Hermann, Hamlet,
Fechas asociadas con el nombre 1957-
245 10 - MENCIÓN DE TITULO
Título Caracoles :
Subtítulo la guerrilla de Caamaño /
Mención de responsabilidad Hamlet Hermann.
250 ## - MENCIÓN DE EDICION
Mención de edición 3a ed.
260 ## - PUBLICACIÓN, DISTRIBUCIÓN, ETC. (PIE DE IMPRENTA)
Lugar de publicación, distribución, etc Santo Domingo :
Nombre del editor, distribuidor, etc. Tele-3,
Fecha de publicación, distribución, etc 1993.
300 ## - DESCRIPCIÓN FÍSICA
Extensión xxix, 265 p. ; :
Otros detalles físicos retr. ;
Dimensiones 22 cm.
500 ## - NOTA GENERAL
Nota general Incluye índice onomástico
500 ## - NOTA GENERAL
Nota general Incluye datos biográficos del autor en la contraportada
600 14 - ENCABEZAMIENTO DE MATERIA--NOMBRE PERSONAL
Nombre personal Caamaño Deñó, Francisco Alberto
Fechas asociadas con el nombre 1932-1973
650 #4 - ENCABEZAMIENTO DE MATERIA--TEMÁTICO
Término temático o nombre geográfico como elemento de entrada Guerrillas
Subdivisión temática general Historia
Subdivisión cronológica Revolución, 1973.
Fuente del encabezamiento o término
650 #4 - ENCABEZAMIENTO DE MATERIA--TEMÁTICO
Término temático o nombre geográfico como elemento de entrada Playa Caracoles
Subdivisión geográfica Azua (República Dominicana: provincia)
651 #4 - ENCABEZAMIENTO DE MATERIA--NOMBRE GEOGRÁFICO
Nombre geográfico República Dominicana
Subdivisión temática general Historia
Subdivisión cronológica Revolución, 1973
910 ## - VALIDACIÓN
Validación VMateo V. Control de calidad BPMSU
942 ## - ADDED ENTRY ELEMENTS (KOHA)
Source of classification or shelving scheme Dewey Decimal Classification
Koha item type Libros
Existencias
Withdrawn status Lost status Source of classification or shelving scheme Damaged status Not for loan Collection code Home library Current library Date acquired Total Checkouts Full call number Barcode Date last seen Price effective from Koha item type Source of acquisition Copy number
    Dewey Decimal Classification     Colección Dominicana Biblioteca Pública Metropolitana Salomé Ureña Biblioteca Pública Metropolitana Salomé Ureña 07/11/2023   BPMSU CD 972.9372 H552c, 1993 BPMSU23070024 07/11/2023 07/11/2023 Libros    
    Dewey Decimal Classification     Colección Dominicana Biblioteca Pública Metropolitana Salomé Ureña Biblioteca Pública Metropolitana Salomé Ureña 09/25/2023   BPMSU CD 972.9372 H552c, 1993 BPMSU23090005 09/25/2023 09/25/2023 Libros Geraldine de Santis e.2